London Tube stations on the Victoria line - Statistics

General Stats
  • This quiz has been taken 60 times
  • The average score is 13 of 16
Answer Stats
Hint Answer % Correct
Britain's second longest reigning monarch V Victoria
96%
Brand of car V Vauxhall
95%
Female siblings SS Seven Sisters
93%
Angry monarch going to the continent KCSP Kings Cross St Pancras
91%
Take a train from here to Manchester E Euston
89%
Eco open area GP Green Park
89%
Bury part of a fish and leave your car FP Finsbury Park
84%
Visit the Emirates stadium H&I Highbury & Islington
82%
Go to jail! B Brixton
80%
Shopping mecca OC Oxford Circus
78%
You might need a passport! P Pimlico
75%
London football club being hearty TH Tottenham Hale
75%
Historic site of greyhound stadium WC Walthamstow Central
69%
The Lloyds bank symbol BR Blackhorse Road
67%
Get provisions in S Stockwell
64%
Visit some rabbits WS Warren Street
62%
No matching quizzes found
Score Distribution
Percent of People with Each Score
Percentile by Number Answered
Your Score History
You have not taken this quiz